Fill in the Clues to Guess the Category - Statistics

General Stats
  • This quiz has been taken 51 times
  • The average score is 22 of 41
Answer Stats
Answer % Correct
B
96%
C
93%
E
93%
U.S Presidents
89%
Alphabet / ABC
87%
Planets
87%
Mars
82%
George W. Bush
76%
Saturn
76%
Uranus
73%
Bill Clinton
71%
{Oceans} by {Size}
69%
Ronald Reagan
69%
Pacific
67%
Indian
64%
Star Wars films
62%
Square Numbers
56%
1
53%
Arctic
53%
Batman Actors
53%
The {Jackson} {5} by Age
53%
16
51%
4
51%
25
49%
Armenia
47%
Austria
47%
Andorra
42%
Christian Bale
42%
Revenge of the Sith
42%
The Empire Strikes Back
40%
{European} Countries in {Alphabetical} Order
36%
The Phantom Menace
36%
Adam West
33%
Val Kilmer
31%
Summer Olympics Host Cities
29%
Tito
27%
Rio de Janeiro
24%
Beijing
22%
Jermaine
20%
Athens
16%
Marlon
11%
No matching quizzes found
Score Distribution
Percent of People with Each Score
Percentile by Number Answered
Your Score History
You have not taken this quiz